Statistiques concernant Les langues les plus étudiées en France

Cliquez ici pour prendre le quiz!

Statistiques générales

  • Ce quiz a été pris 76 081 fois
    (76 042 depuis la dernière actualisation)
  • Le résultat moyen est 11 sur 14

Statistiques - réponses

Langue% Correct
Anglais
100%
Espagnol
100%
Allemand
98%
Mandarin
95%
Italien
94%
Latin
93%
Grec
85%
Portugais
85%
Russe
84%
Russe et langues orientales
84%
Arabe
83%
Japonais
77%
Langues Régionales
Corse, Breton, Occitan...
43%
Hébreu
15%

Distribution des résultats

Percentile par nombre de réponses

% des personnes avec chaque résultat

Votre développement - résultats

Vous n’avez pas pris ce quiz depuis la dernière actualisation